Statistiques concernant They Shoot Pictures, Don't They? - films 441 à 460

Cliquez ici pour prendre le quiz!

Statistiques générales

  • Ce quiz a été pris 25 fois
  • Le résultat moyen est 5 sur 20

Statistiques - réponses

Réponse% Correct
Le Tombeau des lucioles
85%
Les Hommes du président
80%
L'Enfance d'Ivan
45%
Scènes de la vie conjugale
45%
Accattone
30%
Le Bonheur
30%
Le Privé
25%
L'Opérateur
25%
Naked
15%
Octobre
15%
Une étoile est née
15%
Dans la chambre de Vanda
10%
La Région Centrale
10%
Les Chevaux de feu
10%
Les Innocents
10%
L'Impératrice Rouge
10%
Cabra marcado para morrer
0%
Chansons du deuxième étage
0%
Paris is Burning
0%
Sécheresse
0%

Distribution des résultats

Percentile par nombre de réponses

% des personnes avec chaque résultat

Votre développement - résultats

Vous n’avez pas pris ce quiz